Vista normal Vista MARC

Entrada Meeting Name

Número de registros utilizados en: 1

001 - CONTROL NUMBER

  • control field: 3202

003 - CONTROL NUMBER IDENTIFIER

  • control field: OSt

005 - DATE AND TIME OF LATEST TRANSACTION

  • control field: 20200418000134.0

008 - FIXED-LENGTH DATA ELEMENTS

  • fixed length control field: 200418|| aca||aabn | a|a d

040 ## - CATALOGING SOURCE

  • Original cataloging agency: OSt
  • Transcribing agency: OSt

111 ## - HEADING--MEETING NAME

  • Meeting name or jurisdiction name as entry element: Foro Internacional Periodistas, Guerra y Terrorismo
  • Date of meeting or treaty signing: (2003 :
  • Location of meeting: Bogotá)

670 ## - SOURCE DATA FOUND

  • Source citation: Work cat.: (OSt)5218: Foro Internacional Periodistas, Guerra y Terrorismo (2003 : Bogotá), Periodistas, guerra y terrorismo : , 2004